Welcome to CU Library Online Public Access Catalogue (OPAC)

Generalist practice in larger settings : (Record no. 9039)

MARC details
000 -LEADER
fixed length control field 00826cam a22002654a 4500
001 - CONTROL NUMBER
control field 13709052
005 - DATE AND TIME OF LATEST TRANSACTION
control field 20260313160523.0
008 - FIXED-LENGTH DATA ELEMENTS--GENERAL INFORMATION
fixed length control field 040902s2005 ilu b 001 0 eng
020 ## - INTERNATIONAL STANDARD BOOK NUMBER
International Standard Book Number 0925065854
020 ## - INTERNATIONAL STANDARD BOOK NUMBER
International Standard Book Number 9780925065858
050 00 - LIBRARY OF CONGRESS CALL NUMBER
Classification number HV41
Item number .M389 2005
082 00 - DEWEY DECIMAL CLASSIFICATION NUMBER
Classification number 361
Edition information 22
100 1# - MAIN ENTRY--PERSONAL NAME
Personal name Meenaghan, Thomas M.
245 10 - TITLE STATEMENT
Title Generalist practice in larger settings :
Remainder of title knowledge and skill concepts /
Statement of responsibility, etc. Thomas M. Meenaghan, W. Eugene Gibbons, John G. McNutt.
250 ## - EDITION STATEMENT
Edition statement 2nd ed.
260 ## - PUBLICATION, DISTRIBUTION, ETC.
Place of publication, distribution, etc. Chicago, Ill. :
Name of publisher, distributor, etc. Lyceum,
Date of publication, distribution, etc. c2005.
300 ## - PHYSICAL DESCRIPTION
Extent xiv, 192 p. ;
Dimensions 23 cm.
650 #0 - SUBJECT ADDED ENTRY--TOPICAL TERM
Topical term or geographic name entry element Social service.
650 #0 - SUBJECT ADDED ENTRY--TOPICAL TERM
Topical term or geographic name entry element Social structure.
650 #0 - SUBJECT ADDED ENTRY--TOPICAL TERM
Topical term or geographic name entry element Social change.
650 #0 - SUBJECT ADDED ENTRY--TOPICAL TERM
Topical term or geographic name entry element Social service
Form subdivision Case studies.
700 1# - ADDED ENTRY--PERSONAL NAME
Personal name Gibbons, W. Eugene,
Dates associated with a name 1935-
700 1# - ADDED ENTRY--PERSONAL NAME
Personal name McNutt, John G.,
Dates associated with a name 1951-
942 ## - ADDED ENTRY ELEMENTS (KOHA)
Source of classification or shelving scheme Library of Congress Classification
Koha item type Books
Edition 2nd Ed.
Suppress in OPAC No
999 ## -
-- 9039
-- 9039
Holdings
Withdrawn status Lost status Source of classification or shelving scheme Damaged status Not for loan Collection Home library Current library Shelving location Date acquired Total checkouts Full call number Barcode Date last seen Copy number Price effective from Koha item type
    Library of Congress Classification     Non-fiction Business Library (Miotso) Business Library (Miotso) General stacks 03/11/2026   HV41 .M389 2005 BSSM00002760 03/13/2026 1 03/11/2026 Books
© 2023-2024 Copyright: Central University Libraries. All Rights Reserved | Created by: Mahone Tech Office